[Event "GRE-chT 52nd"]
[Site "Loutraki"]
[Date "2025.06.29"]
[Round "2.48"]
[White "Ouzounis, Konstantinos Kyr"]
[Black "Choullis, Agisilaos Georgios"]
[Result "1-0"]
[WhiteElo "1926"]
[BlackElo "1626"]
[PlyCount "65"]
[EventDate "2025.06.28"]
[EventType "team-swiss"]
[EventRounds "7"]
[EventCountry "GRE"]
[SourceTitle "CB28_2025"]
[SourceDate "2025.07.09"]
[SourceVersion "1"]
[SourceVersionDate "2025.07.09"]
[SourceQuality "1"]
[WhiteTeam "Thessaloniki Lefkos Pyrgos"]
[BlackTeam "Ippotis Rodi"]
[WhiteTeamCountry "GRE"]
[BlackTeamCountry "GRE"]

1. d4 Nf6 2. c4 e6 3. Nf3 d5 4. g3 Be7 5. Bg2 0-0 6. 0-0 b6 7. cxd5 exd5 8. Nc3 Bb7 9. Bf4 Bd6 10. Bxd6 Qxd6 11. Qc2 Qe7 12. Rad1 Nbd7 13. Rfe1 Ne4 14. Nxe4 dxe4 15. Nd2 Nf6 16. e3 Rfe8 17. Rc1 c6 18. Qb3 Rad8 19. Red1 Rd5 20. Nb1 Rb5 21. Qc2 Rh5 22. Nd2 c5 23. Nb3 g6 24. dxc5 bxc5 25. Nxc5 Rc8 26. b4 a5 27. Qb2 Nd5 28. Nxb7 Rxc1 29. Qxc1 Qxb7 30. Bxe4 Qb5 31. a4 Qd7 32. Qd2 Qh3 33. Bxd5 1-0

[Event "GRE-chT 51st"]
[Site "Trikala"]
[Date "2024.07.10"]
[Round "7.8"]
[White "Choullis, Agisilaos Georgios"]
[Black "Kyparissopoulos, Spyridon"]
[Result "0-1"]
[WhiteElo "1638"]
[BlackElo "1874"]
[PlyCount "64"]
[EventDate "2024.07.04"]
[EventType "team-swiss"]
[EventRounds "7"]
[EventCountry "GRE"]
[SourceTitle "CBM 221 Extra"]
[Source "ChessBase"]
[SourceDate "2024.09.30"]
[SourceVersion "1"]
[SourceVersionDate "2024.09.30"]
[SourceQuality "1"]
[WhiteTeam "Ippotis Rodi"]
[BlackTeam "Thessaloniki Aris"]
[WhiteTeamCountry "GRE"]
[BlackTeamCountry "GRE"]

1. e4 c5 2. Nf3 Nc6 3. d4 cxd4 4. Nxd4 Nf6 5. Nc3 e5 6. Ndb5 d6 7. Bg5 a6 8. Na3 b5 9. Nd5 Be7 10. Bxf6 Bxf6 11. c3 Ne7 12. Nc2 Nxd5 13. Qxd5 Ra7 14. Ne3 0-0 15. Be2 Bg5 16. Qd3 Be6 17. a4 Rb7 18. axb5 axb5 19. Nd5 f5 20. Bf3 Kh8 21. 0-0 Qb8 22. Rfd1 Rbf7 23. Nb4 Bb3 24. Re1 Bc4 25. Qc2 fxe4 26. Qxe4 Qd8 27. Ra6 Rxf3 28. gxf3 Bf4 29. Nd5 Qg5+ 30. Kh1 Bxd5 31. Qxd5 Qh4 32. Kg1 Qh3 0-1

[Event "GRE-chT 50th"]
[Site "Nikaia"]
[Date "2023.08.30"]
[Round "7.9"]
[White "Choullis, Agisilaos Georgios"]
[Black "Kiryttopoulos, Panagiotis Aris"]
[Result "1/2-1/2"]
[WhiteElo "1351"]
[BlackElo "1502"]
[PlyCount "74"]
[EventDate "2023.08.25"]
[EventType "team"]
[EventRounds "9"]
[EventCountry "GRE"]
[SourceTitle "CBM 216 Extra"]
[Source "ChessBase"]
[SourceDate "2023.11.30"]
[SourceVersion "1"]
[SourceVersionDate "2023.11.30"]
[SourceQuality "1"]
[WhiteTeam "Ippotis Rodi"]
[BlackTeam "Khalandrii"]
[WhiteTeamCountry "GRE"]
[BlackTeamCountry "GRE"]

1. e4 c5 2. Nf3 e6 3. d4 cxd4 4. Nxd4 Nf6 5. Nc3 Nc6 6. Ndb5 Bb4 7. a3 Bxc3+ 8. Nxc3 0-0 9. Bd3 d5 10. exd5 exd5 11. 0-0 a6 12. Bg5 Be6 13. Re1 Re8 14. h3 h6 15. Bh4 b5 16. Na2 Bd7 17. Rxe8+ Bxe8 18. Nb4 Nxb4 19. axb4 Qd6 20. c3 Bc6 21. Bg3 Qe6 22. Qd2 Ne4 23. Bxe4 dxe4 24. Qd6 Qxd6 25. Bxd6 Rd8 26. Bf4 Bb7 27. h4 h5 28. g3 f6 29. Kf1 Kf7 30. Ke2 Ke6 31. Be3 Rd3 32. f3 Kd5 33. Rf1 Ke6 34. fxe4 Bxe4 35. Ra1 Rd6 36. Bc5 Rc6 37. Ke3 Bd5 1/2-1/2

[Event "GRE-ch U14"]
[Site "Thessaloniki"]
[Date "2022.08.23"]
[Round "8"]
[White "Tsakonas, Konstantinos"]
[Black "Choullis, Agisilaos Georgios"]
[Result "0-1"]
[WhiteElo "1741"]
[BlackElo "1227"]
[PlyCount "74"]
[EventDate "2022.08.18"]
[EventType "swiss"]
[EventRounds "9"]
[EventCountry "GRE"]
[SourceTitle "EXT 2024"]
[Source "ChessBase"]
[SourceDate "2023.10.10"]
[SourceVersion "1"]
[SourceVersionDate "2023.10.10"]
[SourceQuality "1"]

1. b4 e6 2. Bb2 Nf6 3. b5 a6 4. a4 axb5 5. axb5 Rxa1 6. Bxa1 c5 7. c4 d5 8. e3 Nbd7 9. Nf3 b6 10. Be2 Bb7 11. 0-0 Bd6 12. d4 0-0 13. Nbd2 Qc7 14. h3 Ra8 15. Bb2 Qb8 16. Qb3 Ne4 17. cxd5 Nxd2 18. Nxd2 exd5 19. Bc3 Nf6 20. Qb2 Be7 21. dxc5 bxc5 22. Rb1 Qd6 23. Nb3 Ne4 24. Na5 Bh4 25. f3 Bf2+ 26. Kf1 Qh2 27. Bd3 Qg1+ 28. Ke2 Ng3+ 29. Kd2 Bxe3+ 30. Kc2 Qf2+ 31. Kb3 c4+ 32. Bxc4 dxc4+ 33. Kxc4 Rc8+ 34. Kb3 Bd5+ 35. Ka4 Ne2 36. Bxg7 Qh4+ 37. Ka3 Bc5+ 0-1

[Event "GRE-chT 49th"]
[Site "Thessaloniki"]
[Date "2022.08.14"]
[Round "4"]
[White "Choullis, Agisilaos Georgios"]
[Black "Moschopoulos, Aristeidis"]
[Result "0-1"]
[WhiteElo "1227"]
[BlackElo "1086"]
[PlyCount "167"]
[EventDate "2022.08.12"]
[EventType "team-swiss"]
[EventRounds "7"]
[EventCountry "GRE"]
[SourceTitle "EXT 2024"]
[Source "ChessBase"]
[SourceDate "2023.10.10"]
[SourceVersion "1"]
[SourceVersionDate "2023.10.10"]
[SourceQuality "1"]
[WhiteTeam "Asos Rodou Hippotis"]
[BlackTeam "Eso Papafe Chronikon"]
[WhiteTeamCountry "GRE"]
[BlackTeamCountry "GRE"]

1. e4 c5 2. Nf3 d6 3. d4 cxd4 4. Nxd4 Nf6 5. Nc3 a6 6. g3 e5 7. Nde2 Be6 8. Bg2 Nbd7 9. Nd5 Nxd5 10. exd5 Bf5 11. Be3 Qc7 12. c3 Be7 13. 0-0 0-0 14. Nc1 Nb6 15. Ne2 Nc4 16. Bc1 Qd7 17. b3 Nb6 18. Be3 Qc7 19. Rc1 Nd7 20. c4 a5 21. Nc3 Nc5 22. Bxc5 Qxc5 23. Ne4 Qc8 24. Re1 b6 25. a4 Qd8 26. Qf3 Qd7 27. h4 Bg4 28. Qe3 h6 29. Rb1 Rab8 30. Nc3 f5 31. b4 Qd8 32. bxa5 bxa5 33. Rb5 Qc7 34. Bf1 Qc8 35. Reb1 Qc7 36. Rxb8 Rxb8 37. Rxb8+ Qxb8 38. Nb5 Bh5 39. Qa7 Qxa7 40. Nxa7 Bd1 41. Nc6 Kf7 42. Kg2 Bxa4 43. Nxa5 Bd8 44. Nc6 Bb6 45. f3 Kf6 46. Bd3 g5 47. hxg5+ Kxg5 48. Ne7 f4 49. g4 Bc5 50. Nc6 h5 51. gxh5 Kxh5 52. Nd8 Kh4 53. Ne6 Ba3 54. Kh2 Bb4 55. Nd8 Ba3 56. Nb7 Bd1 57. Kg2 Bb3 58. Na5 Ba4 59. Bf5 Kg5 60. Bd3 Kh4 61. Be2 Bb4 62. Nc6 Ba3 63. Na5 Bb4 64. Nc6 Ba3 65. Nb8 Bb4 66. Bd3 Kg5 67. Kf2 Ba3 68. Na6 Kh4 69. c5 Bxc5+ 70. Nxc5 dxc5 71. Bf5 c4 72. d6 c3 73. Ke2 Kg3 74. Bc2 Bd7 75. Be4 Kh4 76. Kd3 Kg5 77. Kc4 Kf6 78. Kc5 Bf5 79. d7 Bxd7 80. Kc4 Bf5 81. Kxc3 Bxe4 82. fxe4 Kg5 83. Kd3 Kg4 84. Ke2 0-1